| 000 | 00650nam a2200205 a 4500 | ||
|---|---|---|---|
| 001 | 000042149 | ||
| 005 | 20201002035953.0 | ||
| 008 | 131114s1968 sp 001 0 spa d | ||
| 040 |
_aDO-SdBNP _bspa _cBNPHU |
||
| 082 | _axxx | ||
| 100 | 1 |
_aGalbraith, John Kenneth _969143 |
|
| 240 | 1 | 0 | _aThe new industrial state |
| 245 | 1 | 3 |
_aEl nuevo estado industrial. / _cJohn Kenneth Galbraith; traducción, Manuel Sacristán. |
| 250 | _a2a. ed. | ||
| 260 |
_aBarcelona, : _bAriel, _c1968. |
||
| 300 |
_a457 p. ; _c22 cm. |
||
| 490 | 1 | _aZetein, estudios y ensayos | |
| 700 | 1 |
_aSacristán, Manuel _etrad. _960943 |
|
| 830 | 0 |
_aZetein, estudios y ensayos _969144 |
|
| 999 |
_c41638 _d41638 |
||